000 00626nam a2200229Ia 4500
003 OSt
005 20220923230216.0
006 a|||||r|||| 00| 0
007 ta
008 220922b |||||||| |||| 00| 0 pan d
024 _a278,365
037 _cTextual
040 _aARTS
_cARTS
_bpan
041 _2pan
_apan
082 _aV236'N5, 153M2
100 _aਸਿੰਘ, ਜਗਜੀਤ
245 0 _aਸਿੱਖ ਇਨਕਲਾਬ
260 _c1982
650 _aਭਾਰਤੀਯ ਇਤਿਹਾਸ
942 _hV236'N5, 153M2
_cTEXL
_2CC
999 _c383265
_d383265